01825nam a22003377a 450000500170000000800410001702000180005810000290007624501290010525000530023430000620028749000220034952003930037152100450076453400290080965000460083865000460088465000420093065000370097265000350100970000320104470000420107670000300111883001460114826400590129433600270135333700330138033800280141304000350144108400110147620220316235146.0140609b2007 sp a|| g||| 00| 0 1pspa  a97895888461251 aGílmore, Rachnad1953-10aCuando-yo-tenía-tu-edadcRachna Gílmore ; ilustraciones Renné Benoit ; traducción Éloide Bourgeois y Teresa Farran aEdición especial para el Ministerio de Cultura a[23] páginas sin enumerarbilustraciones a colorc24 cm aLeer es mi cuento aCuando tenía tu edad, ¡nunca chapoteaba en los charcos, dice mamá. Si te suena esta frase, entenderás perfectamente a la pobre Elisabet. Haga lo que haga nunca estará a la altura de este fantasma perfecto y pretencioso llamado Cuando-yo-tenia-tu-edad. Elisabet es demasiado desordenada, demasiado quisquillosa, en resumen, ¡demasiado real para competir con esta niña perfecta! aRecomendado para niños de 6 a 8 años tWhen-I-was-a-little-girl142LEMBaCuentos infantiles induesySiglo XX142LEMBaLiteratura infantil hinduySiglo XX142LEMBaMadres e hijas en la literatura142LEMBaRecuerdos en la literatura142LEMBaNiños en la literatura1 aBenoit, Rennéeilustrador1 aBourgeois Bertín, Elodieetraductor1 aFarran, Teresaetraductor aColección para la Primera Infancia del Ministerio de Cultura, Plan Nacional de Lectura y Escritura Leer es mi cuento, Primera Infancia 2013 aBarcelonaaBogotábJuventud S.A.bPanamericanac2007 atextobtxt2rdacontent asin mediaciónbn2rdamedia avolumenbnc2rdacarrier aCO-BoRNBPbspaerdacCO-BoRNBP aC GIL2